000 00245nam a2200097Ia 4500
001 703856
005 20250826162359.0
008 250824s9999 xx 000 0 und d
245 0 _aLİMON KÜTÜPHANESİ
_cJO COTTERİLL
260 _bTİMAŞ YAYINLARI
999 _c703856
_d703856